Modulation comportementale - Statistiques

Statistiques générales
  • Ce quiz a été pris 31 fois
  • Le résultat moyen est 7 sur 11
Statistiques - réponses
Hint Réponse % Correct
Ajouter un stimulus agréable pour augmenter la fréquence d’un comportement Renforcement positif
94%
Retirer un stimulus agréable pour diminuer la fréquence d’un comportement Punition négative
88%
Retirer un stimulus désagréable pour augmenter la fréquence d’un comportement Renforcement négatif
88%
Exposer un chien directement et intensément à un stimulus redouté sans possibilité d’échappatoire, ce qui peut provoquer du stress Immersion
81%
Ajouter un stimulus désagréable pour diminuer la fréquence d’un comportement Punition positive
81%
Ignorer jusqu’à la disparition complète du comportement Extinction
63%
Exposer progressivement un chien à un stimulus qu’il craint, à une intensité faible et contrôlée, pour l’aider à s’y habituer sans stress Désensibilisation graduelle
56%
Empêcher l’accès ou encore de modifier l’environnement pour éviter que le comportement indésirable se manifeste Gestion de l'environnement
50%
Détourner l’attention du chien d’un stimulus (objet, personne, ou situation) duquel on veut l’éloigner, changer son centre d’intérêt vers un autre, attirer son attention. Redirection
50%
Processus par lequel un chien cesse de réagir à un stimulus répétitif et sans conséquence, car il apprend qu'il est sans importance Habituation
38%
Utilisation d’un comportement à haute probabilité (le chien le fait souvent) pour faire adopter un comportement à moins haute probabilité Principe de Premack
25%
Aucun quiz correspondant
Distribution des résultats
% des personnes avec chaque résultat
Percentile par nombre de réponses
Votre historique - résultats
Vous n’avez pas pris ce quiz